La guerra del fin del mundo

Salvato in:
Dettagli Bibliografici
Autore principale: Vargas Llosa, Mario
Natura: Libro
Lingua:Undetermined
Pubblicazione: Barcelona, España Editorial Seix Barral 1981
Soggetti:
Tags: Aggiungi Tag
Nessun Tag, puoi essere il primo ad aggiungerne!!

MARC

LEADER 00000nam a2200000Ia 4500
008 170316s9999 xx 000 0 und d
040 |a cru BVZT 
090 |a 860 V-7g 
100 |a Vargas Llosa, Mario 
245 |a La guerra del fin del mundo 
260 |a Barcelona, España 
260 |b Editorial Seix Barral 
260 |c 1981 
300 |a 531 páginas 
650 |a LITERATURA LATINOAMERICANA 
999 |c 9323  |d 9323 
942 |c 15 D  |h 860 V-7g  |2 z